|
|
|
|
| LEADER |
01120nam a2200277 a 4500 |
| 008 |
090510r20082005nyua 001 0 eng d |
| 020 |
|
|
|a 0071412379 (acid-free)
|
| 020 |
|
|
|a 0070603642
|
| 020 |
|
|
|a 9780070603646
|
| 040 |
|
|
|a DLC
|c DLC
|d DLC
|
| 082 |
0 |
0 |
|a 621.3845/6
|2 22
|
| 245 |
0 |
0 |
|a Fundamentals of mobile and pervasive computing /
|c Frank Adelstein ... [et al.].
|
| 260 |
|
|
|a New York :
|b McGraw-Hill ;
|a India :
|b Tata McGraw-Hill ,
|c c2005(reprinted 2008).
|
| 300 |
|
|
|a xix, 402 p. :
|b ill. ;
|c 24 cm.
|
| 490 |
|
0 |
|a McGraw-Hill professional engineering.
|p Communications engineering
|
| 504 |
|
|
|a Includes bibliographical references and index.
|
| 541 |
1 |
|
|e 00017881
|
| 650 |
|
0 |
|a Wireless communication systems.
|
| 650 |
|
0 |
|a Mobile computing.
|
| 700 |
1 |
|
|a Adelstein, Frank.
|
| 700 |
1 |
|
|a Gupta, Sandeep K.S.
|
| 700 |
1 |
|
|a Richardiii, Golden G..
|
| 700 |
1 |
|
|a Schwiebert, Loren.
|
| 852 |
4 |
|
|a Ayesha Abed Library
|j GeneralshelfS
|
| 999 |
|
|
|c 531
|d 531
|
| 952 |
|
|
|0 0
|1 0
|2 ddc
|4 0
|6 621_384560000000000_ADE_2008
|7 0
|8 NFIC
|9 481
|a BRACUL
|b BRACUL
|c GEN
|d 2009-05-11
|g 675.00
|l 0
|o 621.38456 ADE
|p 3010017881
|r 2009-05-11
|t 1
|w 2009-05-11
|y BK
|